000 00320cam a22001217a 4500
008 180718b1960 xxu||||| |||| 00| 0 eng d
082 _aA6x54 P123e
100 _aPanikkar, K. M.
245 _aCommon sense about India
_cby K. M. Panikkar
260 _aLondon
_bVictor Gollancz
_c1960
300 _a174p.
650 _aIndia.
999 _c411725
_d411725